[Event "Novy Urengoy Flaming Memorial"]
[Site "Novy Urengoy"]
[Date "2021.10.21"]
[Round "3"]
[White "Babakekhyan, Artem"]
[Black "Kunakbaev, Ilnur"]
[Result "1-0"]
[WhiteElo "2201"]
[BlackElo "2187"]
[PlyCount "145"]
[EventDate "2021.10.20"]
[EventType "tourn"]
[EventRounds "9"]
[EventCountry "RUS"]
[EventCategory "2"]
[SourceTitle "CBM 204 Extra"]
[Source "ChessBase"]
[SourceDate "2021.11.30"]
[SourceVersion "1"]
[SourceVersionDate "2021.11.30"]
[SourceQuality "1"]

1. c4 e6 2. Nf3 Nf6 3. g3 d5 4. Bg2 Be7 5. 0-0 0-0 6. d4 c6 7. b3 Nbd7 8. Bb2 b6 9. Nc3 Ba6 10. a4 Rc8 11. Nd2 Qc7 12. Qb1 Rfd8 13. Rc1 Qb8 14. e3 Bb4 15. a5 b5 16. c5 Re8 17. Nf3 Bxc3 18. Bxc3 b4 19. Be1 Ne4 20. Ra4 Nc3 21. Bxc3 bxc3 22. Rxc3 Qc7 23. Bf1 Bxf1 24. Qxf1 Rb8 25. a6 h6 26. b4 Rb5 27. Rb3 e5 28. Qd1 Qb8 29. Nd2 Nf6 30. Nb1 exd4 31. exd4 Qc8 32. Nc3 Rb8 33. b5 cxb5 34. Rxb5 Qh3 35. Qf1 Qf5 36. Rab4 Rxb5 37. Nxb5 Ne4 38. Nd6 Nxd6 39. cxd6 Qe6 40. Rb7 Qxd6 41. Rxa7 Qc6 42. Qd3 g6 43. Rb7 Re1+ 44. Kg2 Ra1 45. Qf3 Qe6 46. a7 Kg7 47. Qf4 Ra2 48. Qe5+ Qf6 49. Qxf6+ Kxf6 50. h4 h5 51. Kf3 Ke6 52. Ke3 f6 53. Kd3 Kf5 54. f3 g5 55. Kc3 gxh4 56. gxh4 Kf4 57. Kb4 Kxf3 58. Kc5 Ra5+ 59. Kb6 Ra1 60. Rf7 Ke4 61. Kb7 Rb1+ 62. Kc8 Ra1 63. Kb7 Rb1+ 64. Kc8 Ra1 65. Kb8 f5 66. a8Q Rxa8+ 67. Kxa8 f4 68. Kb7 Kxd4 69. Rxf4+ Ke5 70. Ra4 d4 71. Ra5+ Ke4 72. Rxh5 d3 73. Rh8 1-0

[Event "Novy Urengoy Flaming Memorial"]
[Site "Novy Urengoy"]
[Date "2021.10.20"]
[Round "2"]
[White "Kunakbaev, Ilnur"]
[Black "Iljin, Timofey"]
[Result "1-0"]
[WhiteElo "2187"]
[BlackElo "2317"]
[PlyCount "105"]
[EventDate "2021.10.20"]
[EventType "tourn"]
[EventRounds "9"]
[EventCountry "RUS"]
[EventCategory "2"]
[SourceTitle "CBM 204 Extra"]
[Source "ChessBase"]
[SourceDate "2021.11.30"]
[SourceVersion "1"]
[SourceVersionDate "2021.11.30"]
[SourceQuality "1"]

1. d4 d5 2. c4 e6 3. Nc3 Bb4 4. Nf3 Nf6 5. Bg5 h6 6. Bxf6 Qxf6 7. Qa4+ Nc6 8. e3 0-0 9. Rc1 Bd7 10. Qc2 Rfd8 11. a3 Bxc3+ 12. Qxc3 Rac8 13. Be2 dxc4 14. Bxc4 Ne7 15. b4 Bc6 16. Be2 b6 17. 0-0 Bb7 18. Qb3 Nf5 19. Rc3 Nd6 20. Rfc1 Bd5 21. Qa4 c6 22. Qa6 Ne4 23. R3c2 Ng5 24. Nxg5 Qxg5 25. Bf1 Rc7 26. a4 Qe7 27. b5 Rdc8 28. a5 bxa5 29. Qxa5 c5 30. g3 e5 31. Bh3 Be4 32. Rc3 exd4 33. exd4 f5 34. Qa3 c4 35. Qxe7 Rxe7 36. f3 Bd5 37. Bxf5 Rb8 38. Rb1 Reb7 39. Be4 Bxe4 40. fxe4 Rxb5 41. Rxb5 Rxb5 42. Rxc4 a5 43. Kf2 Rb2+ 44. Ke3 Rxh2 45. d5 Kf7 46. Kf4 Rb2 47. Rc7+ Kf8 48. Ra7 Rb5 49. Kf5 Kg8 50. Ke6 Rb4 51. e5 a4 52. d6 Rd4 53. d7 1-0

[Event "World Corporate East C"]
[Site "Chess.com INT"]
[Date "2021.02.19"]
[Round "1.4"]
[White "Kunakbaev, Ilnur"]
[Black "Feito Cabrero, Andres"]
[Result "1-0"]
[WhiteElo "2196"]
[BlackElo "1633"]
[PlyCount "111"]
[EventDate "2021.02.19"]
[EventType "team (rapid)"]
[EventRounds "7"]
[EventCountry "USA"]
[SourceTitle "EXT 2022"]
[Source "ChessBase"]
[SourceDate "2021.10.06"]
[SourceVersion "1"]
[SourceVersionDate "2021.10.06"]
[SourceQuality "1"]
[WhiteTeam "Gazprom"]
[BlackTeam "Airbus"]
[WhiteTeamCountry "RUS"]
[BlackTeamCountry "ESP"]

1. d4 d5 2. c4 e6 3. Nc3 Nf6 4. cxd5 exd5 5. Bg5 Be7 6. e3 Nc6 7. a3 0-0 8. Bd3 h6 9. Bh4 Re8 10. Qc2 a6 11. Nf3 Bg4 12. 0-0 Bxf3 13. gxf3 Nh5 14. Bg3 Nxg3 15. hxg3 Qd6 16. Kg2 Bf6 17. Rh1 Ne7 18. Ne2 Rac8 19. b4 c6 20. Rh3 Bg5 21. Rah1 Rf8 22. Rh5 g6 23. R5h3 Kg7 24. f4 Bf6 25. Rxh6 Rh8 26. Rxh8 Rxh8 27. Rxh8 Kxh8 28. Ng1 Nf5 29. Bxf5 gxf5 30. Qxf5 Qe7 31. Nf3 Qe6 32. Qh5+ Kg8 33. g4 Bg7 34. g5 Qg6 35. Qg4 f6 36. f5 Qf7 37. g6 Qe7 38. Qf4 Qe4 39. Qxe4 dxe4 40. Nd2 Bf8 41. Nxe4 Kg7 42. Nc5 Bxc5 43. dxc5 Kh6 44. f4 Kg7 45. e4 Kh6 46. e5 fxe5 47. fxe5 Kg7 48. e6 Kf6 49. Kf3 Kxf5 50. e7 Kxg6 51. e8Q+ Kf5 52. Qe4+ Kf6 53. Kf4 Kf7 54. Kf5 Kf8 55. Kg6 Kg8 56. Qe8# 1-0

[Event "RUS-ch Youth op"]
[Site "Noviy Urengoy"]
[Date "2015.04.11"]
[Round "5.1"]
[White "Kunakbaev, Ilnur"]
[Black "Vostrikov, Andrey"]
[Result "0-1"]
[WhiteElo "2142"]
[BlackElo "2077"]
[PlyCount "58"]
[EventDate "2015.04.02"]
[EventType "swiss"]
[EventRounds "9"]
[EventCountry "RUS"]
[SourceTitle "EXT 2022"]
[Source "ChessBase"]
[SourceDate "2021.10.06"]
[SourceVersion "1"]
[SourceVersionDate "2021.10.06"]
[SourceQuality "1"]

1. d4 Nf6 2. Nf3 e6 3. c4 c5 4. e3 d5 5. Nc3 Nc6 6. a3 cxd4 7. exd4 dxc4 8. Bxc4 Be7 9. 0-0 0-0 10. Re1 a6 11. Bg5 h6 12. Bh4 b5 13. Ba2 Bb7 14. Rc1 Nh5 15. Ne5 Bxh4 16. Qxh5 Qxd4 17. Ng4 Qd8 18. g3 Nd4 19. gxh4 Nf3+ 20. Kf1 Nxe1 21. Kxe1 Qd4 22. Rd1 Qf4 23. Ne5 Rad8 24. Nd3 Qf6 25. Qe5 Rxd3 26. Qc7 Rxd1+ 27. Nxd1 Bf3 28. Nc3 Rd8 29. Qb6 Qxc3+ 0-1

[Event "RUS-ch Youth op"]
[Site "Noviy Urengoy"]
[Date "2015.04.02"]
[Round "1.1"]
[White "Kunakbaev, Ilnur"]
[Black "Voropaev, Fedor"]
[Result "1-0"]
[WhiteElo "2142"]
[BlackElo "1526"]
[PlyCount "39"]
[EventDate "2015.04.02"]
[EventType "swiss"]
[EventRounds "9"]
[EventCountry "RUS"]
[SourceTitle "EXT 2022"]
[Source "ChessBase"]
[SourceDate "2021.10.06"]
[SourceVersion "1"]
[SourceVersionDate "2021.10.06"]
[SourceQuality "1"]

1. e4 c5 2. c3 d6 3. Nf3 Nf6 4. h3 Nxe4 5. Qa4+ Nc6 6. Qxe4 g6 7. Bb5 Bd7 8. 0-0 Bg7 9. Re1 e6 10. d4 d5 11. Qxd5 cxd4 12. Qd6 dxc3 13. Nxc3 Qe7 14. Bf4 Qxd6 15. Bxd6 a6 16. Bf1 b5 17. Rad1 b4 18. Na4 Na7 19. Nb6 Rd8 20. Bc7 1-0

[Event "Khanty-Mansiysk Governor Cup-B 8th"]
[Site "Khanty-Mansiysk"]
[Date "2012.11.20"]
[Round "6"]
[White "Kunakbaev, Ilnur"]
[Black "Demianjuk, Alexander"]
[Result "0-1"]
[WhiteElo "2169"]
[BlackElo "2342"]
[PlyCount "90"]
[EventDate "2012.11.15"]
[EventType "swiss"]
[EventRounds "9"]
[EventCountry "RUS"]
[SourceTitle "CBM 151 Extra"]
[Source "ChessBase"]
[SourceDate "2012.12.18"]
[SourceVersion "1"]
[SourceVersionDate "2012.12.18"]
[SourceQuality "1"]

1. d4 d5 2. c4 e6 3. Nc3 c6 4. cxd5 exd5 5. Nf3 Bd6 6. Bg5 Ne7 7. e3 f6 8. Bh4 Bf5 9. Bd3 Nd7 10. Bg3 Nb6 11. Rc1 0-0 12. 0-0 Qd7 13. Bxd6 Qxd6 14. Bxf5 Nxf5 15. Qb3 Rf7 16. a4 Rd8 17. Rfe1 Qf8 18. a5 Nc4 19. e4 dxe4 20. Nxe4 Nxa5 21. Qa2 b6 22. Rcd1 h6 23. g4 Nd6 24. Nh4 Nxe4 25. Rxe4 Qb4 26. Ng6 Nc4 27. d5 Rxd5 28. Rde1 Kh7 29. Nf4 Rg5 30. Nd3 Qd6 31. Qxc4 Rd7 32. h4 Rg6 33. Nf4 Rxg4+ 34. Ng2 Rxe4 35. Qxe4+ g6 36. Nf4 f5 37. Qe8 Rg7 38. Ne6 Rb7 39. Nd8 Rd7 40. Nf7 Qd4 41. Ne5 Rg7 42. Qxc6 Qxh4 43. Qd6 Qe7 44. Qd3 Qb4 45. b3 Qxe1+ 0-1

[Event "Khanty-Mansiysk Governor Cup-B 8th"]
[Site "Khanty-Mansiysk"]
[Date "2012.11.18"]
[Round "4"]
[White "Bezgodova, Svetlana"]
[Black "Kunakbaev, Ilnur"]
[Result "0-1"]
[WhiteElo "2100"]
[BlackElo "2169"]
[PlyCount "62"]
[EventDate "2012.11.15"]
[EventType "swiss"]
[EventRounds "9"]
[EventCountry "RUS"]
[SourceTitle "CBM 151 Extra"]
[Source "ChessBase"]
[SourceDate "2012.12.18"]
[SourceVersion "1"]
[SourceVersionDate "2012.12.18"]
[SourceQuality "1"]

1. Nf3 d5 2. c3 c5 3. d3 Nf6 4. Nbd2 Nc6 5. e4 g6 6. Be2 Bg7 7. 0-0 0-0 8. Re1 h6 9. Bf1 e5 10. a3 a5 11. a4 Be6 12. exd5 Nxd5 13. Nc4 Qc7 14. Qb3 Rfe8 15. Bd2 Rad8 16. Rad1 Kh7 17. Bc1 Bg4 18. Be2 Nf4 19. Bxf4 exf4 20. Kf1 Bf5 21. Qb5 Bf8 22. Nfd2 Rxe2 23. Rxe2 Bxd3 24. Rde1 Re8 25. f3 Rxe2 26. Rxe2 Qe7 27. Ne4 Ne5 28. Qxc5 Nxc4 29. Qxe7 Bxe7 30. b3 f5 31. Nf2 Nd2+ 0-1

[Event "Ufa op"]
[Site "Ufa"]
[Date "2010.11.26"]
[Round "7"]
[White "Darmin, Dmitry"]
[Black "Kunakbaev, Ilnur"]
[Result "1-0"]
[WhiteElo "2364"]
[BlackElo "2169"]
[PlyCount "99"]
[EventDate "2010.11.20"]
[EventType "swiss"]
[EventRounds "9"]
[EventCountry "RUS"]
[SourceTitle "CBM 139 Extra"]
[Source "ChessBase"]
[SourceDate "2011.01.05"]
[SourceVersion "1"]
[SourceVersionDate "2011.01.05"]
[SourceQuality "1"]

1. e4 c5 2. Nf3 Nc6 3. c3 Nf6 4. e5 Nd5 5. d4 cxd4 6. cxd4 d6 7. exd6 Qxd6 8. Nc3 g6 9. Be2 Bg7 10. 0-0 0-0 11. Ne4 Qd8 12. Nc3 Qd6 13. Re1 Rd8 14. Be3 Nf4 15. Bf1 Bg4 16. h3 Bf5 17. Qb3 b6 18. Nb5 Qb8 19. Rac1 Na5 20. Qd1 Nd5 21. Bg5 a6 22. Nc3 Be6 23. Nxd5 Bxd5 24. Bxe7 Rd7 25. Bh4 Bxa2 26. Qa4 Be6 27. Rxe6 b5 28. Qxa5 fxe6 29. Bg3 Qb7 30. Qe1 Re8 31. Qe3 Qb6 32. Be5 Bxe5 33. Qxe5 Rd5 34. Qe3 a5 35. Bd3 a4 36. Be4 Rd6 37. h4 e5 38. dxe5 Qxe3 39. fxe3 Rdd8 40. Rc7 b4 41. Ra7 a3 42. bxa3 b3 43. Rb7 Rb8 44. Bd5+ Kh8 45. Rxb3 Rxb3 46. Bxb3 Rb8 47. Nd4 Ra8 48. a4 Ra5 49. Nc6 Rc5 50. e6 1-0

[Event "Ufa op"]
[Site "Ufa"]
[Date "2010.11.23"]
[Round "4"]
[White "Ibragimov, Maxim"]
[Black "Kunakbaev, Ilnur"]
[Result "1/2-1/2"]
[WhiteElo "2175"]
[BlackElo "2169"]
[PlyCount "145"]
[EventDate "2010.11.20"]
[EventType "swiss"]
[EventRounds "9"]
[EventCountry "RUS"]
[SourceTitle "CBM 139 Extra"]
[Source "ChessBase"]
[SourceDate "2011.01.05"]
[SourceVersion "1"]
[SourceVersionDate "2011.01.05"]
[SourceQuality "1"]

1. e4 c5 2. Nf3 d6 3. d4 cxd4 4. Nxd4 Nf6 5. Nc3 a6 6. Be3 Ng4 7. Bc1 e5 8. Nb3 b5 9. f3 Nf6 10. a4 bxa4 11. Rxa4 Be7 12. Bc4 Nbd7 13. Nd5 Bb7 14. Be3 0-0 15. Nxf6+ Nxf6 16. Na5 Qd7 17. b3 d5 18. Nxb7 Qxb7 19. Bxd5 Nxd5 20. Qxd5 Bb4+ 21. Kf2 Qe7 22. Qc4 a5 23. Rd1 Rac8 24. Qe2 Rc3 25. Rd3 Rfc8 26. Rxc3 Rxc3 27. Kf1 Qc7 28. Ra2 h6 29. Bd2 Rc6 30. c4 Rb6 31. Bxb4 Rxb4 32. Qd3 Qb6 33. Ra3 a4 34. c5 Qb8 35. Rxa4 Rxb3 36. Ra8 Rxd3 37. Rxb8+ Kh7 38. Re8 f6 39. Re6 Rc3 40. c6 Rc2 41. h4 h5 42. Kg1 Kg6 43. Rd6 Kh6 44. Kh2 Kg6 45. Kh3 Rc3 46. Kh2 Kh7 47. Kg1 Rc2 48. Kf1 Kg6 49. Ke1 Rc1+ 50. Kd2 Rc4 51. g3 Kh6 52. Kd3 Rc1 53. Re6 Kh7 54. f4 Rc5 55. fxe5 fxe5 56. Rd6 Rc1 57. Rd5 Rxc6 58. Rxe5 g6 59. Re7+ Kh6 60. Kd4 Rf6 61. Rc7 g5 62. e5 Ra6 63. Rc4 gxh4 64. gxh4 Kg6 65. Ke4 Ra1 66. Rc6+ Kg7 67. Kf5 Rf1+ 68. Ke6 Rf4 69. Kd7 Rxh4 70. e6 Re4 71. Rc5 Kf6 72. Rc6 h4 73. Rd6 1/2-1/2

[Event "Ufa Dautov Memorial op"]
[Site "Ufa"]
[Date "2010.04.11"]
[Round "9"]
[White "Tupikov, Oleg Vladimirovich"]
[Black "Kunakbaev, Ilnur"]
[Result "1/2-1/2"]
[WhiteElo "1961"]
[BlackElo "2169"]
[PlyCount "132"]
[EventDate "2010.04.03"]
[EventType "swiss"]
[EventRounds "9"]
[EventCountry "RUS"]
[SourceTitle "CBM 135 Extra"]
[Source "ChessBase"]
[SourceDate "2010.05.04"]
[SourceVersion "1"]
[SourceVersionDate "2010.05.04"]
[SourceQuality "1"]

1. c4 Nf6 2. Nc3 e6 3. e4 c5 4. g3 Nc6 5. Bg2 b6 6. Nge2 Be7 7. 0-0 0-0 8. d3 Bb7 9. h3 a6 10. f4 d6 11. Be3 e5 12. f5 Nd4 13. Bxd4 cxd4 14. Nd5 Nxd5 15. cxd5 Bg5 16. Nc1 Rc8 17. Nb3 a5 18. Rf3 f6 19. Nd2 Qc7 20. Nf1 Qc2 21. Rf2 Qxd1 22. Rxd1 Rc5 23. h4 Bh6 24. b4 axb4 25. Rb2 Ra8 26. Rxb4 Rxa2 27. Rxb6 Rcc2 28. Bf3 Ba6 29. Bh5 g6 30. fxg6 hxg6 31. Bxg6 Rg2+ 32. Kh1 Be3 33. Nxe3 dxe3 34. Bh5 Rh2+ 35. Kg1 Rhg2+ 36. Kh1 Rxg3 37. Rxd6 Rh3+ 38. Kg1 Rxh4 39. Bf3 Rf4 40. Bh5 Kg7 41. Rb6 Kh6 42. Be2 Bc8 43. Rb8 Bd7 44. Rh8+ Kg7 45. Rh2 Ba4 46. Rf1 Rxf1+ 47. Kxf1 Bb5 48. Rh3 Ra1+ 49. Kg2 Ra2 50. Kf3 Bd7 51. Rg3+ Kh7 52. Kxe3 Ra3 53. Rg1 Ra7 54. Rb1 Kg6 55. Rb3 Ra4 56. Rc3 f5 57. exf5+ Bxf5 58. Rc6+ Kg5 59. Rc4 Ra3 60. d6 Kf6 61. Rc7 e4 62. d7 Ke7 63. Rc4 exd3 64. d8Q+ Kxd8 65. Rd4+ Ke7 66. Bxd3 Ke6 1/2-1/2

[Event "Ufa Dautov Memorial op"]
[Site "Ufa"]
[Date "2010.04.10"]
[Round "8"]
[White "Kunakbaev, Ilnur"]
[Black "Galiakhmedov, Albert"]
[Result "1-0"]
[WhiteElo "2169"]
[BlackElo "1864"]
[PlyCount "121"]
[EventDate "2010.04.03"]
[EventType "swiss"]
[EventRounds "9"]
[EventCountry "RUS"]
[SourceTitle "CBM 135 Extra"]
[Source "ChessBase"]
[SourceDate "2010.05.04"]
[SourceVersion "1"]
[SourceVersionDate "2010.05.04"]
[SourceQuality "1"]

1. d4 d5 2. c4 dxc4 3. Nf3 Nf6 4. Qa4+ Nc6 5. Qxc4 h6 6. Nc3 Be6 7. Qd3 Qd7 8. e4 Bg4 9. Be3 e6 10. Ne5 Nxe5 11. dxe5 Qxd3 12. Bxd3 Nd7 13. f3 Bh5 14. Nb5 Bb4+ 15. Ke2 0-0 16. Nxc7 Rac8 17. Nb5 Nxe5 18. Nxa7 Rcd8 19. Rhd1 Nxd3 20. Rxd3 Rxd3 21. Kxd3 f5 22. exf5 exf5 23. Rc1 f4 24. Rc4 Bg6+ 25. Ke2 Bd6 26. Nc8 Bf7 27. Rc1 Bb8 28. Ba7 Bxa7 29. Nxa7 Bxa2 30. Nc8 Re8+ 31. Kf2 Rd8 32. Ke2 b5 33. Nb6 Rd6 34. Rc8+ Kh7 35. Rb8 Bb1 36. g3 Bd3+ 37. Ke1 fxg3 38. hxg3 Kg6 39. Nc8 Re6+ 40. Kd2 Bc4 41. Rb6 Kf6 42. Nd6 g5 43. f4 gxf4 44. gxf4 Rxd6+ 45. Rxd6+ Kf5 46. Rxh6 Kxf4 47. Kc3 Ke5 48. Kb4 Kd5 49. Rb6 Bf1 50. Rxb5+ Kc6 51. Rh5 Kb6 52. Rh6+ Kb7 53. Kc5 Bd3 54. Rb6+ Kc7 55. Rd6 Be4 56. Re6 Bg2 57. Re7+ Kb8 58. Kb6 Kc8 59. Rc7+ Kb8 60. Rc2 Bh3 61. Rh2 1-0

[Event "Ufa Dautov Memorial op"]
[Site "Ufa"]
[Date "2010.04.05"]
[Round "3"]
[White "Kunakbaev, Ilnur"]
[Black "Zijatdinov, Ramil"]
[Result "1-0"]
[WhiteElo "2169"]
[BlackElo "1753"]
[PlyCount "67"]
[EventDate "2010.04.03"]
[EventType "swiss"]
[EventRounds "9"]
[EventCountry "RUS"]
[SourceTitle "CBM 135 Extra"]
[Source "ChessBase"]
[SourceDate "2010.05.04"]
[SourceVersion "1"]
[SourceVersionDate "2010.05.04"]
[SourceQuality "1"]

1. d4 d5 2. c4 c6 3. Nf3 Nf6 4. Nc3 Bf5 5. cxd5 cxd5 6. Qb3 Qb6 7. Nxd5 Nxd5 8. Qxd5 e6 9. Qb3 Bb4+ 10. Bd2 Nc6 11. Bc3 0-0 12. e3 Rac8 13. Be2 Bxc3+ 14. bxc3 Qc7 15. Rc1 Na5 16. Qb4 Nc4 17. Bxc4 Qxc4 18. Qxc4 Rxc4 19. e4 Bg6 20. Ne5 Ra4 21. Nxg6 hxg6 22. Rc2 Rc8 23. Kd2 Kf8 24. Rb1 b6 25. Rb4 Rxb4 26. cxb4 Rxc2+ 27. Kxc2 Ke7 28. b5 Kd6 29. Kd3 g5 30. Kc4 g4 31. f3 gxf3 32. gxf3 f6 33. h4 g6 34. a3 1-0

[Event "Khanty-Mansiysk"]
[Site "Khanty-Mansiysk"]
[Date "2009.10.04"]
[Round "9"]
[White "Kunakbaev, Ilnur"]
[Black "Bezgodov, Alexei"]
[Result "0-1"]
[WhiteElo "2170"]
[BlackElo "2482"]
[PlyCount "90"]
[EventDate "2009.09.26"]
[EventType "tourn"]
[EventRounds "9"]
[EventCountry "RUS"]
[EventCategory "6"]
[SourceTitle "EXT 2010"]
[Source "ChessBase"]
[SourceDate "2010.11.25"]
[SourceVersion "1"]
[SourceVersionDate "2010.11.25"]
[SourceQuality "1"]

1. d4 e6 2. Nf3 Nf6 3. c4 Bb4+ 4. Bd2 a5 5. g3 b6 6. Bg2 Bb7 7. 0-0 0-0 8. Bf4 Be7 9. Nc3 Na6 10. a3 Nh5 11. Qd2 Nxf4 12. gxf4 g6 13. Ne5 Bxg2 14. Kxg2 Bf6 15. Ne4 Bg7 16. Rac1 d6 17. Nc6 Qe8 18. d5 exd5 19. Qxd5 Nc5 20. Nxc5 bxc5 21. b4 cxb4 22. axb4 a4 23. e4 Bb2 24. Rc2 a3 25. f5 Kh8 26. fxg6 fxg6 27. e5 Rf4 28. Re1 dxe5 29. Rce2 Rg4+ 30. Kf1 a2 31. Rxb2 a1Q 32. Rxa1 Rxa1+ 33. Ke2 Rgg1 34. Rd2 Rge1+ 35. Kd3 Kg7 36. c5 Rac1 37. Re2 Red1+ 38. Rd2 e4+ 39. Ke3 Rc3+ 40. Ke2 Rd3 41. Rxd3 exd3+ 42. Kf3 Qe2+ 43. Kf4 Qxf2+ 44. Qf3 Qxf3+ 45. Kxf3 Re1 0-1

[Event "Khanty-Mansiysk"]
[Site "Khanty-Mansiysk"]
[Date "2009.10.01"]
[Round "6"]
[White "Bezgodova, Maria"]
[Black "Kunakbaev, Ilnur"]
[Result "0-1"]
[WhiteElo "2123"]
[BlackElo "2170"]
[PlyCount "136"]
[EventDate "2009.09.26"]
[EventType "tourn"]
[EventRounds "9"]
[EventCountry "RUS"]
[EventCategory "6"]
[SourceTitle "EXT 2010"]
[Source "ChessBase"]
[SourceDate "2010.11.25"]
[SourceVersion "1"]
[SourceVersionDate "2010.11.25"]
[SourceQuality "1"]

1. e4 c5 2. Nf3 d6 3. d4 cxd4 4. Nxd4 Nf6 5. Nc3 Nc6 6. Bg5 Bd7 7. Qd2 Nxd4 8. Qxd4 Qa5 9. Bxf6 gxf6 10. Bc4 Rc8 11. Bb3 Bc6 12. 0-0-0 Bh6+ 13. Kb1 Rg8 14. Nd5 Bg7 15. Qd3 Qc5 16. Ne3 Qe5 17. Nc4 Qc5 18. Ne3 a5 19. Bd5 Bd7 20. Qc4 Qxc4 21. Bxc4 Bh6 22. Bd3 Bxe3 23. fxe3 Rxg2 24. Rhg1 Rg6 25. e5 fxe5 26. Bxg6 hxg6 27. h4 Bf5 28. Rd2 Rc4 29. Rh1 Re4 30. Re2 Bg4 31. Ree1 f5 32. Kc1 Kf7 33. Kd2 Kf6 34. b3 Bf3 35. Rh3 Bh5 36. c4 Rg4 37. Rh2 Ke6 38. Rf1 Kd7 39. Rff2 Kc6 40. a3 Re4 41. Kd3 e6 42. Rc2 Rg4 43. Rcg2 Re4 44. Rc2 b6 45. Rb2 d5 46. cxd5+ exd5 47. Rbc2+ Kd6 48. Rcd2 Ke6 49. Rh1 Rg4 50. Rc2 d4 51. Rc6+ Kd5 52. Rxb6 e4+ 53. Kc2 Rg2+ 54. Kc1 dxe3 55. Re1 e2 56. Kd2 Rg3 57. Rxe2 Bxe2 58. Kxe2 Rg2+ 59. Ke3 Rg3+ 60. Kf2 Rf3+ 61. Ke2 Ke5 62. b4 Rxa3 63. bxa5 Rxa5 64. Rxg6 Kf4 65. h5 Ra2+ 66. Ke1 Kf3 67. h6 e3 68. Rd6 Rh2 0-1

[Event "Sterlitamak op"]
[Site "Sterlitamak"]
[Date "2008.07.03"]
[Round "9"]
[White "Selegenenko, Vladimir"]
[Black "Kunakbaev, Ilnur"]
[Result "0-1"]
[WhiteElo "2146"]
[BlackElo "2081"]
[PlyCount "86"]
[EventDate "2008.06.26"]
[EventType "swiss"]
[EventRounds "9"]
[EventCountry "RUS"]
[SourceTitle "EXT 2009"]
[Source "ChessBase"]
[SourceDate "2008.11.26"]
[SourceVersion "1"]
[SourceVersionDate "2008.11.26"]
[SourceQuality "1"]

1. d4 Nf6 2. Nf3 e6 3. Bg5 c5 4. c3 Nc6 5. e3 Qb6 6. Qb3 Ne4 7. Bf4 Qa5 8. Bd3 Nf6 9. Na3 cxd4 10. Nc4 Qd5 11. exd4 Be7 12. Nd6+ Bxd6 13. Qxd5 Nxd5 14. Bxd6 f6 15. 0-0 Kf7 16. Rfe1 b6 17. a3 Bb7 18. c4 Nde7 19. d5 Nd8 20. Nd4 Ng6 21. Nb5 a6 22. Nc3 Re8 23. Bc7 Rc8 24. Bxb6 Ne5 25. Be4 Nxc4 26. Bxd8 exd5 27. Nxd5 Rcxd8 28. Bf3 Ne5 29. Red1 Nxf3+ 30. gxf3 Re5 31. Nb6 Bxf3 32. Rd3 Rg5+ 33. Kf1 Bc6 34. a4 Re8 35. f3 Rh5 36. h3 Rxh3 37. Kg2 Rh5 38. b4 Re2+ 39. Kg3 Rg5+ 40. Kf4 Rgg2 41. Nxd7 Bxd7 42. Rxd7+ Ke6 43. Rad1 g5# 0-1

[Event "Kazan Region-ch 6th"]
[Site "Kazan"]
[Date "2008.01.23"]
[Round "1"]
[White "Kunakbaev, Ilnur"]
[Black "Skomorokhin, Roman"]
[Result "0-1"]
[WhiteElo "2111"]
[BlackElo "2378"]
[PlyCount "62"]
[EventDate "2008.01.23"]
[EventType "swiss"]
[EventRounds "9"]
[EventCountry "RUS"]
[SourceTitle "CBM 122 Extra"]
[Source "ChessBase"]
[SourceDate "2008.03.04"]
[SourceVersion "1"]
[SourceVersionDate "2008.03.04"]
[SourceQuality "1"]

1. d4 d5 2. c4 dxc4 3. Nf3 a6 4. a4 Nf6 5. e3 Bg4 6. Bxc4 e6 7. 0-0 Nc6 8. Nc3 Bb4 9. Be2 0-0 10. h3 Bh5 11. Qb3 Qe7 12. Na2 Bd6 13. Bd2 Ne4 14. Be1 Ng5 15. Nxg5 Bxe2 16. Qc2 Qxg5 17. Qxe2 e5 18. d5 Ne7 19. e4 f5 20. Nc3 f4 21. Qg4 Qf6 22. f3 h6 23. Bf2 g5 24. Rac1 Kf7 25. Rfd1 Qg6 26. h4 h5 27. Qxg5 Qh7 28. Kf1 Rg8 29. Ke2 Rxg5 30. hxg5 Rg8 31. Rh1 Rxg5 0-1